000 00294nam a22001337a 4500
008 170710b xxu||||| |||| 00| 0 eng d
020 _a0852291671
041 _aeng
080 _a82
100 _a22
101 _aGJL
245 _aTHE GREAT IDEAS TODAY 1971
_cHUTCHINS,R.M
942 _2udc
_cBK
999 _c20151
_d20151